000 00304nam a22001337a 4500
020 _a9781405282123
040 _cNUST
082 _a823-CH
_bFIN
100 _aPankhurst, Kate
_9123005
245 _aBig Red Baloon
260 _aUK:
_bDean,
_c2012.
650 _aBig Red Baloon
_9123006
942 _2ddc
_cBK
999 _c609345
_d609345